000 00665nam a2200265Ia 4500
005 20260324152739.0
008 008 260324s9999 xx 000 0 eng d
020 _a9780128046449
037 _aEBOOK
040 _aCRL
040 _beng
040 _cCRL
041 _2eng
041 _aeng
084 _qCRL
100 _aMISHRA, DEEPAK
_91229647
245 0 _aBio-optical Modeling and Remote Sensing of Inland Waters
260 _bElsevier
260 _c2017
650 _aEarth and Planetary Sciences
856 _uhttps://www.sciencedirect.com/science/book/9780128046449
942 _cEBOOK
999 _c1840484
_d1840484